000 00363nam a2200169Ia 4500
001 9671
005 20250626030244.0
008 211022s9999 xx 000 0 und d
082 _a599.67 SHO
100 _aShoshani, Jeheskel (Ed.)
245 0 _aElephants
260 _aNew York
260 _bCheckmark Books
260 _c2000
300 _a240
942 _cBK
999 _c9061
_d9061